| 000 | 01071nam a22002777a 4500 | ||
|---|---|---|---|
| 003 | EG-ScBUE | ||
| 005 | 20211205102718.0 | ||
| 008 | 110822s1995 ua f 000 0 ara d | ||
| 017 | _a95 / 7003 | ||
| 020 | _a9770301507 | ||
| 040 |
_aEG-ScBUE _bara _erda _cEG-ScBUE _dEG-ScBUE |
||
| 082 | 0 | 4 |
_a892.709 _bس ل ا _222 |
| 100 | 1 |
_915324 _aسلام، محمد زغلول، _eمؤلف. |
|
| 245 | 1 | 2 |
_aالأدب في عصر العباسيين : _bمنذ قيام الدولة حتى نهاية القرن الثالث / _cأ. د. محمد زغلول سلام. |
| 264 | 1 |
_aالإسكندرية : _bمنشأة المعارف، _c[1995] |
|
| 300 |
_a675 صفحة ؛ _c24 سم |
||
| 336 |
_2rdacontent _aنص _btxt |
||
| 337 |
_2rdamedia _aبدون وسيط _bn |
||
| 338 |
_2rdacarrier _aمجلد _bnc |
||
| 504 | _aيشتمل على إرجاعات ببليوجرافية. | ||
| 650 | 7 |
_926809 _aالأدب العربي _xتاريخ _yالعصر العباسي. _2BUEsh |
|
| 651 | _2BUEsh | ||
| 653 |
_cAugust2011 _bARALIT |
||
| 655 |
_vReading book _934232 |
||
| 942 |
_2ddc _cBB |
||
| 999 |
_c15887 _d15887 |
||